000 00312nam a2200121Ia 4500
008 240731s9999 xx 000 0 und d
022 _a1559-3169
245 0 _aInternational Public Management Journal
260 _bRoutledge
856 _uhttps://www.tandfonline.com/loi/upmj20
942 _2ddc
942 _cTFEJ
999 _c77303
_d77303
945 _a1
_bMadushi Gamage
_c1
_dMadushi Gamage